|
|
|
|
| LEADER |
00000nam a2200000 a 4500 |
| 001 |
vtls008383106 |
| 003 |
SK-MaSNL |
| 005 |
20260302085954.0 |
| 008 |
181109s1954 xo slo |
| 015 |
|
|
|a SKSNBA19451955-006755
|
| 035 |
|
|
|a SK01SNKBKSFS20010075323
|
| 035 |
|
|
|a SKM000077786
|
| 040 |
|
|
|a SNK
|b slo
|c SNK
|e AACR2
|
| 041 |
0 |
|
|a slo
|
| 044 |
|
|
|a xo
|c SK
|
| 080 |
|
|
|a 633.18
|2 1981
|
| 100 |
1 |
|
|a Litavský, Štefan
|4 aut
|9 756799
|
| 245 |
1 |
0 |
|a Chráňme ryžoviská proti chorobe brusone
|c Štefan Litavský
|
| 260 |
|
|
|a Košice
|b KNV
|c 1954
|e Košice
|f Pravda
|
| 300 |
|
|
|a 14, [1] s.
|c V. 8°
|
| 500 |
|
|
|a Ilustrované
|
| 650 |
0 |
7 |
|a ryža
|x pestovanie
|x choroby
|2 SNK
|9 756800
|
| 655 |
|
7 |
|a knihy
|2 SNKPH
|9 307098
|
| 852 |
|
|
|a Slovenská národná knižnica v Martine
|b 10000
|h MS SD 9086
|
| 958 |
|
|
|a OND
|
| 958 |
|
|
|a RK
|
| 958 |
|
|
|a TL
|
| 999 |
|
|
|c 1194677
|d 1196607
|
| 952 |
|
|
|a SNK
|b SNK
|y PREZ
|7 0
|p 17A0394533
|o snkSD 9086
|i snk965/54
|0 0
|1 0
|4 0
|d 2003-09-03
|l 0
|r 2025-11-21 00:00:00
|w 2026-02-24
|
| 952 |
|
|
|a SNK
|b SNK
|y VYP
|7 0
|p 17A1077113
|o snkSD 9086 D1
|i snkI. 7933/54
|0 0
|1 0
|4 0
|d 2014-10-13
|l 0
|r 2026-02-24 22:23:02
|w 2026-02-24
|